00489 a2200193 4500001000700000003000400007005001700011008004100028020001800069082001400087100001800101245005900119260003600178300001700214653001700231653001800248653001200266700001700278147927OSt20220524155720.0  a9788121903677 a592bJ76I1 aJordan, E. L.1 aInvertebrate zoologycby E. L. Jordana and P. S. Verma aNew DelhibS. Chandc2015, 2021 axxiv, 1127p. aBiochemistry aInvertebrates aZoology aVerma, P. S.